[Event "Os xeque-mates são eternos"]
[Site "http://www.queenalice.com/game.php?id=604408"]
[Date "2009.6.16"]
[Round "-"]
[White "Rieth"]
[Black "tsabadini"]
[Result "1-0"]
[WhiteElo "1738"]
[BlackElo "1154"]

1. e4 e5 2. Nf3 Bc5 3. Bc4 Ne7 4. Nxe5 d5 5. exd5 O-O 6. d6 Qxd6 7. Bxf7+ Kh8 8.
Nc4 Qf4 9. Qf3 Rxf7 10. Qxf4 Rxf4 11. O-O Bxf2+ 12. Rxf2 Rxf2 13. Kxf2 Be6 14.
d3 Nbc6 15. Bg5 Nd5 16. Nc3 Rf8+ 17. Kg3 b5 18. Ne5 b4 19. Nxc6 bxc3 20. bxc3
Nxc3 21. Nxa7 Ne2+ 22. Kh4 h6 23. Re1 Rf2 24. Bd8 Rxg2 25. Bxc7 Rxh2+ 26. Bxh2
g5+ 27. Kh5 Nd4 28. Rxe6 Nxe6 29. Kxh6 Kg8 30. Nc6 g4 31. a4 Nc5 32. a5 Kf7 33.
Ne5+ Ke7 34. Nxg4 Ke6 35. d4 Ne4 36. a6 1-0

[Event "Challenge"]
[Site "http://www.queenalice.com/game.php?id=606468"]
[Date "2009.6.20"]
[Round "-"]
[White "Standby"]
[Black "Rieth"]
[Result "1-0"]
[WhiteElo "1764"]
[BlackElo "1693"]

1. d4 e6 2. e4 g6 3. b3 c5 4. Bb2 Bg7 5. Nf3 Nc6 6. Bb5 e5 7. Bxc6 bxc6 8. dxe5
Ba6 9. c4 Rb8 10. Qd6 Qe7 11. Qxb8+ Qd8 12. Qxa7 Qc8 13. Qxc5 Qc7 14. Nbd2 Bf8
15. Qd4 Ne7 16. e6 Rg8 17. Qxd7+ Qxd7 18. exd7+ Kxd7 19. Ng5 Bh6 20. Nxh7 Bxd2+
21. Kxd2 Rh8 22. Bxh8 1-0

[Event "Challenge"]
[Site "http://www.queenalice.com/game.php?id=606469"]
[Date "2009.6.20"]
[Round "-"]
[White "Rieth"]
[Black "Standby"]
[Result "0-1"]
[WhiteElo "1682"]
[BlackElo "1752"]

1. e4 e5 2. Nf3 d6 3. Bc4 h6 4. c3 Nf6 5. d3 Bg4 6. Be3 Be7 7. Nbd2 c6 8. Qc2
O-O 9. h3 Bh5 10. g4 Bg6 11. Qb3 b6 12. g5 hxg5 13. Nxg5 b5 14. Bxf7+ Bxf7 15.
Nxf7 Rxf7 16. Rg1 Kf8 17. Nf3 Nh7 18. O-O-O Rxf3 19. Bh6 Bf6 20. Bxg7+ Bxg7 21.
Rxg7 Kxg7 22. Rg1+ Kf6 23. h4 d5 24. exd5 Qxd5 25. Qb4 Rf4 26. c4 Qxd3 27. Qe1
Rxc4+ 0-1

[Event "O peão nunca morre!!"]
[Site "http://www.queenalice.com/game.php?id=607315"]
[Date "2009.6.22"]
[Round "-"]
[White "tsabadini"]
[Black "Rieth"]
[Result "0-1"]
[WhiteElo "1150"]
[BlackElo "1759"]

1. e4 e5 2. Nc3 Nf6 3. Nf3 Bc5 4. Bb5 Ng4 5. O-O Nxf2 6. Qe1 Nd3+ 7. Kh1 Nxe1 8.
Nxe1 c6 9. Bc4 d5 10. exd5 cxd5 11. Bxd5 O-O 12. Nd3 Qg5 13. Nxc5 Na6 14. Nxa6
bxa6 15. Bxa8 Bf5 16. d4 Qg6 17. dxe5 Rxa8 18. a4 Be4 19. Kg1 Qxg2# 0-1

[Event "Another duel?"]
[Site "http://www.queenalice.com/game.php?id=607528"]
[Date "2009.6.23"]
[Round "-"]
[White "Rieth"]
[Black "Rapha66"]
[Result "0-1"]
[WhiteElo "1750"]
[BlackElo "1895"]

1. e4 b6 2. Nf3 Bb7 3. Bc4 Bxe4 4. Ng5 Bg6 5. h4 h6 6. Nxf7 Bxf7 7. Bxf7+ Kxf7
8. Qf3+ Nf6 9. Qxa8 Nc6 10. Qxd8 Nxd8 11. b4 Nc6 12. b5 Nd4 13. Na3 e6 14. c3
Bxa3 15. cxd4 Bb4 16. a3 Ba5 17. Bb2 Ne4 18. Bc3 Nxc3 19. Rc1 Nxb5 20. O-O c6
21. Rc4 Nxa3 22. Ra4 Nb5 23. d5 cxd5 24. Rc1 Bxd2 0-1

[Event "Who is your Little Daddy?"]
[Site "http://www.queenalice.com/game.php?id=607529"]
[Date "2009.6.23"]
[Round "-"]
[White "Rapha66"]
[Black "Rieth"]
[Result "1-0"]
[WhiteElo "1884"]
[BlackElo "1761"]

1. d4 g6 2. c4 Bg7 3. e3 e6 4. Nf3 d6 5. Nc3 a6 6. Bd3 b6 7. O-O Bb7 8. e4 Nc6
9. Re1 Nge7 10. Bg5 h6 11. Bxe7 Nxe7 12. e5 dxe5 13. Nxe5 Qxd4 14. Nf3 Bxf3 15.
Qxf3 Qf6 16. Qxa8+ Kd7 17. Qxa6 Nf5 18. Rad1 Qg5 19. Bxf5+ Ke7 20. Qa3+ Ke8 21.
Nd5 Qf4 22. Qe7# 1-0

[Event "THe king is forever!"]
[Site "http://www.queenalice.com/game.php?id=607649"]
[Date "2009.6.23"]
[Round "-"]
[White "Rieth"]
[Black "tsabadini"]
[Result "1-0"]
[WhiteElo "1742"]
[BlackElo "1164"]

1. e4 e5 2. Nf3 h6 3. Nxe5 d6 4. Nf3 a6 5. Nc3 Qf6 6. Bd3 Nc6 7. Nd5 Qd8 8. O-O
g5 9. b3 g4 10. Ne1 Ne5 11. f4 Nxd3 12. cxd3 c6 13. Ne3 Be7 14. Bb2 Rh7 15. f5
h5 16. f6 Bf8 17. Ba3 Nxf6 18. N1c2 Bh6 19. Bb2 Nd7 20. Qe2 Nf6 21. Bxf6 Qxf6
22. Rxf6 Ke7 23. Raf1 Bg5 24. R6f2 b5 25. Nd4 Bb7 26. Nef5+ Kd7 27. e5 Re8 28.
Nxd6 Rd8 29. Nxf7 Bh4 30. Nxd8 Kxd8 31. Rf8+ Kc7 32. e6 Kb6 33. e7 Bxe7 34. R8f7
Rh8 35. Qxe7 h4 36. b4 Rh5 37. Qxb7# 1-0

[Event "A ServiçoSecreto d Sua Majestad"]
[Site "http://www.queenalice.com/game.php?id=607650"]
[Date "2009.6.23"]
[Round "-"]
[White "tsabadini"]
[Black "Rieth"]
[Result "0-1"]
[WhiteElo "1166"]
[BlackElo "1740"]

1. d4 d5 2. Nf3 Bg4 3. Ne5 Nf6 4. h3 Be6 5. f3 Nbd7 6. f4 Nxe5 7. fxe5 Ne4 8.
Qd3 g6 9. g4 f5 10. exf6 exf6 11. c4 c6 12. Bg2 f5 13. b3 fxg4 14. hxg4 h5 15.
cxd5 cxd5 16. Bxe4 dxe4 17. Qxe4 Qd7 18. Qxg6+ Bf7 19. Qe4+ Be7 20. a4 Qxg4 21.
Kd1 Qg3 22. Qxb7 Bxb3+ 23. Kd2 Bg5+ 24. e3 Qxe3# 0-1

[Event "Challenge"]
[Site "http://www.queenalice.com/game.php?id=608030"]
[Date "2009.6.23"]
[Round "-"]
[White "eduardofelix"]
[Black "Rieth"]
[Result "1-0"]
[WhiteElo "1783"]
[BlackElo "1747"]

1. e4 e5 2. Nf3 Nc6 3. Bb5 Nf6 4. d3 Bc5 5. h3 a6 6. Bc4 b5 7. Bb3 d6 8. O-O Nd4
9. Nbd2 g5 10. g4 a5 11. a4 h5 12. Nh2 hxg4 13. hxg4 Rh4 14. Bd5 c6 15. c3 cxd5
16. cxd4 Bxd4 17. exd5 Nxg4 18. Ndf3 Nxf2 19. Rxf2 Bxf2+ 20. Kxf2 Qf6 21. Kg3
Rh3+ 22. Kg2 Bg4 23. Nxg4 Qf5 24. Kxh3 O-O-O 25. Bxg5 Rh8+ 26. Bh4 Qh5 27. Qc1+
Kd7 28. Nf6+ 1-0

[Event "10 minutos? 10 minutos?"]
[Site "http://www.queenalice.com/game.php?id=609429"]
[Date "2009.6.27"]
[Round "-"]
[White "Rapha66"]
[Black "Rieth"]
[Result "1-0"]
[WhiteElo "1869"]
[BlackElo "1759"]

1. e4 g6 2. Bc4 e6 3. Nf3 d5 4. exd5 exd5 5. Bb3 b5 6. d3 Qe7+ 7. Be3 Nc6 8.
Bxd5 Bb7 9. O-O O-O-O 10. Bxc6 Bxc6 11. Re1 Bxf3 12. Qxf3 Bg7 13. c3 Rxd3 14.
Qa8+ Kd7 15. Na3 b4 16. Bd4 Qf8 17. Qxf8 Bxf8 18. Bxh8 bxc3 19. Nb5 cxb2 20.
Bxb2 Rd2 21. Red1 Rxd1+ 22. Rxd1+ Ke7 23. Ba3+ Ke8 24. Nxc7# 1-0

[Event "Capture the Objective!!!"]
[Site "http://www.queenalice.com/game.php?id=609432"]
[Date "2009.6.27"]
[Round "-"]
[White "Rieth"]
[Black "Rapha66"]
[Result "0-1"]
[WhiteElo "1770"]
[BlackElo "1856"]

1. e4 c5 2. Bc4 e6 3. Nf3 Nc6 4. e5 d5 5. Bb5 Bd7 6. Bxc6 Bxc6 7. b3 Ne7 8. g4
Ng6 9. d4 cxd4 10. Qxd4 Qa5+ 11. Bd2 Qb5 12. Nc3 Qa5 13. Ne4 Qc7 14. Bb4 Bxb4+
15. Qxb4 dxe4 16. Ng5 Qxe5 17. Nh3 Qxa1+ 0-1

[Event "Moonwalker!!!!"]
[Site "http://www.queenalice.com/game.php?id=609436"]
[Date "2009.6.27"]
[Round "-"]
[White "Rieth"]
[Black "tsabadini"]
[Result "1-0"]
[WhiteElo "1744"]
[BlackElo "1160"]

1. e4 e5 2. Nf3 Nc6 3. Bc4 Nh6 4. d3 Ng4 5. Ng5 Qe7 6. Bxf7+ Kd8 7. Qxg4 Nb4 8.
Bb3 c6 9. Nf7+ Ke8 10. Nxh8 b6 11. Bg5 Qc5 12. Bf7# 1-0

[Event "Is black? is white? yeah yeah"]
[Site "http://www.queenalice.com/game.php?id=609532"]
[Date "2009.6.27"]
[Round "-"]
[White "tsabadini"]
[Black "Rieth"]
[Result "0-1"]
[WhiteElo "1197"]
[BlackElo "1766"]

1. e4 e5 2. Nf3 Nc6 3. Nc3 Bc5 4. Bc4 h6 5. Bd5 Nf6 6. Bxc6 bxc6 7. Na4 d6 8. h3
Nxe4 9. O-O Nxf2 10. Qe1 Nd3+ 11. Qe3 Bxe3+ 12. dxe3 g5 13. cxd3 g4 14. hxg4
Bxg4 15. Nh2 Rg8 16. e4 Bh3 17. Rf2 Qh4 18. Nf3 Qg4 19. Kf1 Bxg2+ 20. Ke2 Bxf3+
21. Kd2 d5 22. Nc3 dxe4 23. b4 exd3 24. Nd5 Qg5+ 25. Ne3 Bd5 26. Kxd3 e4+ 27.
Kc2 Rb8 28. Nf5 Qg1 29. Nxh6 Qxf2+ 30. Bd2 Rg2 31. Rd1 Rxb4 32. a3 Bb3+ 33. Kc1
Qc5+ 34. Kb1 Qc2+ 35. Ka1 Qa2# 0-1

[Event "Challenge"]
[Site "http://www.queenalice.com/game.php?id=609685"]
[Date "2009.6.27"]
[Round "-"]
[White "degrau"]
[Black "Rieth"]
[Result "1-0"]
[WhiteElo "1880"]
[BlackElo "1650"]

1. d4 g6 2. Bf4 Nf6 3. Nc3 d5 4. Nf3 Bg7 5. e3 Bg4 6. Be2 Nc6 7. h3 Bf5 8. Nb5
Rc8 9. Ne5 a6 10. Nxc6 bxc6 11. Na7 Ra8 12. Nxc6 Qd7 13. Nb4 c6 14. Nxa6 O-O 15.
Nc5 Qc8 16. Bd3 Re8 17. Bxf5 gxf5 18. h4 Ne4 19. h5 h6 20. Nb3 e5 21. Bxe5 Bxe5
22. dxe5 Rxe5 23. Nd4 Ra5 24. Nf3 Re7 25. Nd4 Rea7 26. a3 c5 27. Nb3 Rb5 28.
Qxd5 Rd7 29. Qc4 Qc6 30. Nd4 Rxd4 31. exd4 Rxb2 32. dxc5 Nxc5 33. O-O Qb5 34.
Qxb5 Rxb5 35. Rfb1 Ra5 36. Rb4 Ne6 37. g3 Re5 38. a4 Re2 39. Rc4 Kg7 40. a5 Rd2
41. a6 Rd8 42. a7 Ra8 43. Rb4 Nd8 44. Rb8 1-0

[Event "Challenge"]
[Site "http://www.queenalice.com/game.php?id=609686"]
[Date "2009.6.27"]
[Round "-"]
[White "Rieth"]
[Black "degrau"]
[Result "0-1"]
[WhiteElo "1658"]
[BlackElo "1847"]

1. e4 d5 2. exd5 Qxd5 3. Nc3 Qd8 4. Nf3 Bf5 5. Bc4 e6 6. d3 Bb4 7. O-O a5 8. a3
Bd6 9. Re1 c6 10. Nd4 Bg6 11. Ne4 Bxh2+ 12. Kxh2 Qxd4 13. Be3 Qe5+ 14. g3 Bxe4
15. dxe4 Qxe4 16. Qd3 Qxd3 17. Bxd3 Ne7 18. Rad1 Nd5 19. f4 Nxe3 20. Rxe3 Nd7
21. Kh3 Nf6 22. c4 Rd8 23. b4 axb4 24. axb4 O-O 25. Rh1 g6 26. b5 cxb5 27. cxb5
Rd4 28. Ra1 Rfd8 29. Be2 Nd7 30. Ra7 Nc5 31. Bf3 R8d7 32. Re5 Rc4 33. b6 Rc3 34.
Rxc5 Rxc5 35. Bxb7 Rd8 36. Ba6 Rb8 37. b7 Rd5 38. Ra8 Rdd8 39. g4 Rxa8 40.
bxa8=Q Rxa8 41. Bb7 Rb8 0-1

[Event "Challenge"]
[Site "http://www.queenalice.com/game.php?id=611743"]
[Date "2009.7.1"]
[Round "-"]
[White "sejalivre"]
[Black "Rieth"]
[Result "1-0"]
[WhiteElo "1577"]
[BlackElo "1732"]

1. e4 e5 2. Nf3 Bc5 3. d4 Bxd4 4. Nxd4 exd4 5. Qxd4 f6 6. Bc4 Nc6 7. Qd1 a6 8.
O-O b5 9. Bb3 Bb7 10. a4 Ne5 11. Bf4 Bxe4 12. Bxe5 fxe5 13. Qh5+ g6 14. Qxe5+
Qe7 15. Qxc7 Rc8 16. Qxc8+ Qd8 17. Qxa6 Nf6 18. Nc3 1-0

[Event "O peão com o revolver de Ouro"]
[Site "http://www.queenalice.com/game.php?id=612181"]
[Date "2009.7.2"]
[Round "-"]
[White "tsabadini"]
[Black "Rieth"]
[Result "0-1"]
[WhiteElo "1188"]
[BlackElo "1680"]

1. e4 e5 2. Qg4 Nf6 3. Qh4 d5 4. d3 dxe4 5. Bg5 Be7 6. Nc3 h6 7. Nh3 O-O 8. Bxf6
Bxf6 9. Qxe4 Nc6 10. O-O-O Bxh3 11. gxh3 Bg5+ 12. Kb1 Qd4 13. Bg2 Qxe4 14. Bxe4
Rad8 15. Rhg1 f5 16. Bd5+ Kh8 17. h4 Bxh4 18. Rg6 Bxf2 19. Rxh6+ gxh6 20. Nb5
Rxd5 21. Nxc7 Ra5 22. a3 Nd4 23. b4 Rxa3 24. c3 Rxc3 25. Rd2 Be3 26. Rd1 Rc8 27.
Nd5 Rc1+ 28. Rxc1 Rxc1+ 29. Kb2 Bd2 30. h4 f4 31. Ne7 f3 32. Ng6+ Kg7 33. h5 f2
34. Nxe5 f1=Q 35. Nc4 Rc2+ 36. Ka3 Qa1# 0-1

[Event "Challenge"]
[Site "http://www.queenalice.com/game.php?id=614863"]
[Date "2009.7.7"]
[Round "-"]
[White "eduardofelix"]
[Black "Rieth"]
[Result "1-0"]
[WhiteElo "1743"]
[BlackElo "1669"]

1. e4 e5 2. c3 Nf6 3. Bd3 Bc5 4. h3 d5 5. exd5 Nxd5 6. Be4 c6 7. Nf3 Nf4 8. Nh2
f5 9. g3 fxe4 10. gxf4 Qh4 11. Qe2 Bxh3 12. Nf1 O-O 13. Qc4+ Rf7 14. Qxc5 Rxf4
15. d3 b6 16. Qc4+ Rf7 17. Be3 b5 18. Qxe4 1-0

[Event "007 - Permissão para xequear"]
[Site "http://www.queenalice.com/game.php?id=622844"]
[Date "2009.7.22"]
[Round "-"]
[White "tsabadini"]
[Black "Rieth"]
[Result "0-1"]
[WhiteElo "1254"]
[BlackElo "1656"]

1. d4 d5 2. Qd3 Nc6 3. c3 g6 4. Nf3 Bf5 5. Qd1 Bh6 6. Bxh6 Nxh6 7. Qa4 Bd7 8. b4
Nxd4 9. Qd1 Nxf3+ 10. gxf3 O-O 11. Qd2 Nf5 12. Bh3 d4 13. Bxf5 Bxf5 14. Na3 dxc3
15. Qxc3 Qd7 16. h4 Rfd8 17. Rd1 Qa4 18. e4 Qxd1# 0-1